Leonela /
Guardado en:
| Autor principal: | |
|---|---|
| Formato: | Libro |
| Idioma: | Español |
| Temas: | |
| Etiquetas: |
Sin etiquetas, Sé el primero en etiquetar este registro!
|
MARC
| LEADER | 00000nam^a2200000^a^4500 | ||
|---|---|---|---|
| 001 | 000184836 | ||
| 005 | 20250521000000.0 | ||
| 009 | 20260310102130.295 | ||
| 037 | |a Acervo ITESO - Biblioteca | ||
| 041 | |a ESP | ||
| 082 | |a 863. |b HER | ||
| 100 | |a Heredia, Nicolás |e (autor) | ||
| 245 | 1 | 0 | |a Leonela / |c N. Heredia ; pról. de Concepción Duchesne. |
| 264 | |a La Habana, Cuba : |b Instituto Cubano del Libro, |c 1972 | ||
| 300 | |a 339 p. | ||
| 336 | |a texto |b txt |2 rdacontenido | ||
| 337 | |a sin mediación |b n |2 rdamedio | ||
| 338 | |a volumen |b nc |2 rdasoporte | ||
| 649 | |a XX | ||
| 650 | |a Novela Cubana | ||
| 650 | |a Literatura Cubana - |y Siglo XIX | ||
| 650 | |a Literatura y Política - |z Cuba | ||
| 650 | |a Política - |z Cuba - |x Historia - |y Siglo XIX | ||
| 650 | |a Cuba en la Literatura | ||
| 910 | |a Fondo General | ||
| 920 | |a Impresos - Libros | ||
| 930 | |a Colección General | ||
| 940 | |a Literatura | ||
| 905 | |a 101 | ||
| 901 | |a 0500126162 |b IT1 |c LIT |u 20250521 | ||
| 902 | |a https://opac.biblio.iteso.mx/vufind/Record/000184836 | ||